Statistiques concernant Capitales de l'Afrique - Carte Quiz

Cliquez ici pour prendre le quiz!

Statistiques générales

  • Ce quiz a été pris 21 665 fois
  • Le résultat moyen est 25 sur 56

Réponses sur la Carte

Les réponses sont colorées sur une échelle allant du rouge au vert en fonction du pourcentage des utilisateurs qui les ont devinées à leur premier essai. Vous pouvez retrouver ces pourcentages ci-dessous.
 

Statistiques - réponses

Réponse% Correct
Alger
94%
Tunis
90%
Le Caire
89%
Rabat
87%
Tripoli
75%
Djibouti
71%
Le Cap
65%
Dakar
63%
Antananarivo
62%
Nairobi
62%
Kinshasa
60%
Sao Tomé
59%
Addis-Abeba
56%
Bamako
56%
Brazzaville
55%
Khartoum
52%
Bissau
50%
Ouagadougou
48%
Yaoundé
46%
Mogadiscio
44%
Ndjamena
44%
Yamoussoukro
43%
Port-Louis
42%
Pretoria
42%
Libreville
40%
Lomé
40%
Luanda
39%
Windhoek
39%
Accra
38%
Niamey
38%
Nouakchott
38%
Abuja
37%
Bangui
37%
Freetown
36%
Conakry
35%
Kigali
35%
Victoria
35%
Asmara
34%
Bloemfontein
34%
Praia
33%
Dodoma
32%
Maputo
32%
Porto-Novo | Cotonou
32%
Kampala
31%
Lilongwe
31%
Djouba
30%
Harare
30%
Gaborone
29%
Mbabane
29%
Banjul
28%
Gitega
26%
Lusaka
26%
Moroni
26%
Maseru
24%
Monrovia
23%
Malabo
21%

Distribution des résultats

Percentile par nombre de réponses

% des personnes avec chaque résultat

Votre développement - résultats

Vous n’avez pas pris ce quiz